Circular Economy from Perspective of Waste Management Trends in EU

Zameranie na preskúmanie vzťahov medzi produkciou odpadov, hrubým domácim produktom a spotrebou materiálu v krajínách Európskej únie s cieľom identifikovať trendy odpadového hospodárstva a zdôrazniť najrizikovejšie hospodárske sektory v tomto kontexte.

Salvato in:
Dettagli Bibliografici
Autore principale: Šagátová, Slavka, 1975-
Altri autori: Gajdová, Denisa, 1977-
Natura: Capitolo di libro
Lingua:inglese
Soggetti:
Tags: Aggiungi Tag
Nessun Tag, puoi essere il primo ad aggiungerne!!

MARC

LEADER 00000naa a2200000 4500
001 0306687
005 20250130110819.8
041 0 |a eng 
044 |a CZ 
245 1 0 |a Circular Economy from Perspective of Waste Management Trends in EU  |c Slavka Šagátová, Denisa Gajdová 
520 |a Zameranie na preskúmanie vzťahov medzi produkciou odpadov, hrubým domácim produktom a spotrebou materiálu v krajínách Európskej únie s cieľom identifikovať trendy odpadového hospodárstva a zdôrazniť najrizikovejšie hospodárske sektory v tomto kontexte. 
610 2 0 |a produkcia 
610 2 0 |a odpad 
610 2 0 |a produkt národný hrubý 
610 2 0 |a spotreba 
610 2 0 |a spotreba obyvateľstva 
610 2 0 |a spotreba surovín 
610 2 0 |a spotreba materiálu 
610 2 0 |a hospodárstvo obehové 
610 2 0 |a manažment 
100 1 |a Šagátová, Slavka, 1975- 
700 1 |a Gajdová, Denisa, 1977-